| 000 | 01521nem0a2200325 4500 | ||
|---|---|---|---|
| 001 | RU\NLR\BIBL_A\011239494 | ||
| 005 | 20161103103815.0 | ||
| 010 |
_a978-5-9903934-2-4 _91000 |
||
| 021 |
_aRU _b13-422 |
||
| 035 | _a(NLR Aleph) 011239494 | ||
| 090 |
_a12114029 _c12114029 |
||
| 100 | _a20161013d2013 m||y0rusy5050 ca | ||
| 101 | 0 | _arus | |
| 102 | _aRU | ||
| 120 | _abaa xx|| | ||
| 123 | 1 |
_aa _b8000 |
|
| 200 | 1 |
_aГурьевск. Достопримечательности города _bКарты _eТуристская карта _fСост. и подгот. к изд. ОАО "Балт АГП" в 2012 г. _gГл. ред. М.В. Дробиз |
|
| 206 | _a1:8000, 80 м в 1 см | ||
| 210 |
_aКалининград _cБалт АГП _d2013 |
||
| 215 |
_a1 к. _cцв., текст, ил., указ. _d42х50 см, слож. 21х20 см |
||
| 309 | _aДвусторон. печать | ||
| 327 | 1 | _aДоп. карта: Схема маршрутов общественного транспорта города Гурьевск | |
| 509 | 0 | 1 |
_aГурьевск, _hгород _cКалининградская область _3RU\NLR\AUTH\5505522 |
| 607 |
_aГурьевск, город (Калининградская область) _jКарты _2nlr_sh1 _2nlr_sh2 _3RU\NLR\AUTH\66315097 |
||
| 608 |
_aТуристские карты _2nlr_sh1 _3RU\NLR\AUTH\66551871 |
||
| 702 | 1 |
_aДробиз _bМ. В. _4340 |
|
| 852 |
_aNLR _bК _j4-План 1/2613 _m13-422 _t13-422а |
||
| 942 | _cMAP | ||
| 980 | _aNB | ||